La naranja mecánica
Gran Bretaña, en un futuro indeterminado. Alex es un joven muy agresivo que tiene dos pasiones: la violencia desaforada y Beethoven. Es el jefe de la banda de los drugos, que dan rienda suelta a sus instintos más salvajes apaleando, violando y aterrorizando a la población.
Guardado en:
| Autor Principal: | |
|---|---|
| Autor Corporativo: | |
| Otros Autores: | , , , , , |
| Formato: | |
| Idioma: | Undetermined |
| Publicado: |
Reino Unido :
Warner Bros.,
1971.
|
| Materias: | |
| Etiquetas: |
Agregar Etiqueta
Sin Etiquetas, Sea el primero en etiquetar este registro!
|
| LEADER | 01322ngm a22003135a 4500 | ||
|---|---|---|---|
| 001 | CEM.cems020101 | ||
| 008 | 230515s1971####xx#---############vlund#d | ||
| 005 | 20240422193546.0 | ||
| 245 | 1 | 0 | |a La naranja mecánica |h [videograbación] / |c Stanley Kubrick. |
| 260 | |a Reino Unido : |b Warner Bros., |c 1971. | ||
| 300 | |a 137'. | ||
| 520 | |a Gran Bretaña, en un futuro indeterminado. Alex es un joven muy agresivo que tiene dos pasiones: la violencia desaforada y Beethoven. Es el jefe de la banda de los drugos, que dan rienda suelta a sus instintos más salvajes apaleando, violando y aterrorizando a la población. | ||
| 538 | |a Soporte: DVD -- Formato: AVI Peso: 701mb -- Resolución: 560 x 336 -- 23.98fps | ||
| 500 | |a Título original: A Clockwork Orange. | ||
| 590 | |a Identificación anterior: 36 | ||
| 100 | 1 | |a Kubrick, Stanley. | |
| 700 | 1 | |a Burgess, Anthony; Novela. | |
| 700 | 1 | |a Carlos, Wendy; Música. | |
| 700 | 1 | |a Alcott, John; Fotografía. | |
| 700 | 1 | |a McDowell, Malcolm; Reparto. | |
| 700 | 1 | |a Magee, Patrick; Reparto. | |
| 700 | 1 | |a Bates, Michael; Reparto. | |
| 710 | 2 | |a Polaris Productions. | |
| 653 | |a LARGOMETRAJE | ||
| 653 | |a FICCIÓN | ||
| 653 | |a ADAPTACIÓN | ||
| 653 | |a DRAMA | ||
| 653 | |a VIOLENCIA | ||
| 859 | |a CEMS |b BIB. CEMS - Depto. Recursos Didacticos |h 778.5 |i KUB-1 |k DRD |p 2994.23 |t Ej.1 | ||
